000 01264nam a22002417a 4500
005 20211112092721.0
008 211112b ||||| |||| 00| 0 eng d
020 _a044653191X
040 _cAL
041 _aeng
082 _223
_a302.23
_bBERA
100 _aGOLDBERG (Bernard)
_910262
245 _aArrogance: Rescuing America from the Media Elite
260 _aNew York
_bWarner Books
_c2003
300 _aviii,310 p.
_bHB
_c23x15 cm.
365 _b26.95
_c£
_d26.95
520 _aFormer CBS News correspondent Goldberg cites example after example of what he identifies as distorted reporting and asserts that these examples prove the pervasiveness of a liberal bias in the mainstream media. His credibility is diminished by a breathless, scattershot approach and sketchy documentation of examples (many taken out of context); but his points seem to be that attuned citizens will find such examples everywhere they look and that honest journalists should open their eyes. He includes a section of contact information for conservative organizations and think tanks.
650 _aSocial Interraction
_910263
650 _aJournalism
_910264
650 _aTelevision Broadcasting of News
_910265
700 _aGOLDBERG (Bernard)
_910262
942 _2ddc
_cGF
999 _c220531
_d220531